000 00462nam a22001817a 4500
003 CEME
005 20210628202422.0
008 210122b xxu||||| |||| 00| 0 eng d
020 _a81-7888-136-5
040 _c.
082 _a515.35 TRI
100 _aTrivedi, S.D
_959829
245 _aComprehensive differential equations
260 _aNEW DELHI
_bDOMINANT PUBLISHER
_c2003
300 _a302 P
650 _aDIFFERENTIAL EQUATIONS
_9688
942 _cBK
_2ddc
999 _c569716
_d569716